|
|
|
|
| LEADER |
00000nam a2200000 4500 |
| 001 |
vtls012225114 |
| 003 |
SK-MaSNL |
| 005 |
20260302025642.0 |
| 008 |
230316s2021 xo oa b 000 0 slo |
| 015 |
|
|
|a SNBA2023/03
|
| 020 |
|
|
|a 9788097411503
|q (brožované)
|
| 040 |
|
|
|a SNK
|b slo
|c SNK
|e rda
|
| 041 |
0 |
|
|a slo
|
| 044 |
|
|
|a xo
|c SK
|
| 072 |
|
7 |
|a 0/9-053.2
|x Literatúra pre deti a mládež (náučná)
|2 konspekt
|
| 072 |
|
7 |
|a 502
|x Životné prostredie a jeho ochrana
|2 konspekt
|
| 080 |
|
|
|a 630.1
|2 2011
|
| 080 |
|
|
|a 591.9:630
|2 2011
|
| 080 |
|
|
|a 581.9:630
|2 2011
|
| 080 |
|
|
|a (076.1)
|2 2011
|
| 080 |
|
|
|a (0.053.2)
|2 2011
|
| 080 |
|
|
|a 502:37.03
|2 2011
|
| 100 |
1 |
|
|a Bardonová, Dana
|4 aut
|9 570326
|
| 245 |
1 |
0 |
|a Za podkladmi lesov
|b dobrodružná výprava
|c autori textov a aktivít: Dana Bardonová, Jana Ďurová ; autor kresieb: Jana Ďurová ; autori fotografií: Nuno Guimarães, Jana Ďurová
|
| 246 |
3 |
0 |
|a Dobrodružná výprava
|
| 246 |
3 |
|
|a Dobrodružná výprava za podkladmi lesov
|
| 264 |
|
1 |
|a [Banská Bystrica]
|b Občianske združenie Diana
|c 2021
|
| 300 |
|
|
|a 12 strán
|b fotografie, čiernobiele ilustrácie
|c 21 cm
|
| 336 |
|
|
|a text
|b txt
|2 rdacontent
|
| 336 |
|
|
|a statický obraz
|b sti
|2 rdacontent
|
| 337 |
|
|
|a bez média
|b n
|2 rdamedia
|
| 338 |
|
|
|a zväzok
|b nc
|2 rdacarrier
|
| 366 |
|
|
|e 300 kusov
|
| 500 |
|
|
|a Miesto vydania podľa NA ISBN
|
| 500 |
|
|
|a Názov z obálky
|
| 650 |
0 |
7 |
|a lesy
|2 SNKPH
|9 1437
|
| 650 |
0 |
7 |
|a ekológia lesa
|2 SNKPH
|9 67319
|
| 650 |
0 |
7 |
|a lesné živočíchy
|2 SNKPH
|9 74327
|
| 650 |
0 |
7 |
|a lesné rastliny
|2 SNKPH
|9 90149
|
| 650 |
0 |
7 |
|a environmentálna výchova a vzdelávanie
|2 SNKPH
|9 67556
|
| 650 |
0 |
7 |
|a Forests
|2 SNKPHeng
|9 276135
|
| 650 |
0 |
7 |
|a Forest ecology
|2 SNKPHeng
|9 74256
|
| 650 |
0 |
7 |
|a Forest animals
|2 SNKPHeng
|9 328276
|
| 650 |
0 |
7 |
|a Forest plants
|2 SNKPHeng
|9 342716
|
| 650 |
0 |
7 |
|a Environmental education
|2 SNKPHeng
|9 265190
|
| 655 |
|
7 |
|a pracovné zošity
|2 SNKPH
|9 70188
|
| 655 |
|
7 |
|a publikácie pre deti
|2 SNKPH
|9 70148
|
| 655 |
|
7 |
|a Activity books
|2 SNKPHeng
|9 302885
|
| 655 |
|
7 |
|a Publications for children
|2 SNKPHeng
|9 276792
|
| 700 |
1 |
|
|a Ďurová, Jana
|4 aut
|4 ill
|4 pht
|9 570329
|
| 700 |
1 |
|
|a Guimarães, Nuno Filipe,
|d 1974-
|4 pht
|9 570330
|
| 919 |
|
|
|a 978-80-974115-0-3
|
| 954 |
|
|
|a odborná, vedecká literatúra pôvodná (slovenská)
|2 lita
|
| 999 |
|
|
|c 1044921
|d 1046851
|
| 952 |
|
|
|a SNK
|b SNK
|y PREZ
|7 0
|p 17A1526531
|o snkOSC 29914
|i snk2023/4543
|8 0
|0 0
|1 0
|4 0
|d 2023-03-16
|l 0
|r 2026-02-24 14:36:36
|w 2026-02-24
|
| 952 |
|
|
|a SNK
|b SNK
|y PREZ
|7 0
|p 17A1526538
|o snkOSC 29914 D1
|i snk2023/4544
|8 0
|0 0
|1 0
|4 0
|d 2023-03-16
|l 0
|r 2026-02-24 14:36:36
|w 2026-02-24
|